มุมมองปกติ
มุมมองแบบ MARC
- รัสเซีย
รายการ Topical Term
001 - CONTROL NUMBER
- control field: 41684
003 - CONTROL NUMBER IDENTIFIER
- control field: NALT
005 - DATE AND TIME OF LATEST TRANSACTION
- control field: 20190821140432.0
008 - FIXED-LENGTH DATA ELEMENTS
- fixed length control field: 190821|| aca||babn | a|a d
040 ## - CATALOGING SOURCE
- Original cataloging agency: NALT
150 ## - HEADING--TOPICAL TERM
- Topical term or geographic name entry element: รัสเซีย
- General subdivision: ประวัติศาสตร์
- General subdivision: แง่การเมือง
